| 000 | 01978nam a22003137a 4500 | ||
|---|---|---|---|
| 999 |
_c57151 _d57151 |
||
| 003 | Ge_BSU | ||
| 005 | 20191202163911.0 | ||
| 008 | 191202s2010 ge ||||| |||| 00| 0 geo d | ||
| 020 | _a9789941412233 | ||
| 041 | _ageo | ||
| 080 | _a28(479.223) ქ-27 | ||
| 245 |
_aქართველი მუსლიმები თანამედროვეობის კონტექსტში = The georgian muslims in the context of modernity : _bკრებული / _cავტ.: თინა შიოშვილი, რუსლან ბარამიძე, გიორგი (გაგა) ნიჟარაძე [და სხვ.] ; რედ.: თინა შიოშვილი, რუსლან ბარამიძე. |
||
| 264 |
_aბათუმი, _c2010. |
||
| 300 |
_a 565 გვ. ; _b20 სმ. |
||
| 501 | _a პირთა საძიებელი: გვ. 541-551. - გეოგრ. პირთა საძიებელი: გვ. 552-560. | ||
| 504 | _a ბიბლიოგრ. ტექსტის შენიშვნ. | ||
| 520 | _aრეზ. ინგლ | ||
| 653 | _aქართველი მუსულმანები | ||
| 653 | _aრელიგია | ||
| 700 |
_aშიოშვილი, თინა _eავტორი _91855 |
||
| 700 |
_aბარამიძე, რუსლან _eავტორი _95675 |
||
| 700 |
_a ნიჟარაძე, გიორგი _eავტორი _95676 |
||
| 700 |
_aჭიჭილეიშვილი, მაია _eავტორი _91723 |
||
| 700 |
_aვარშალომიძე, ჯემალ _eავტორი _94618 |
||
| 700 |
_aმახარაშვილი, გიორგი _eავტორი _95319 |
||
| 700 |
_aშიოშვილი, თინა _eრედაქტორი _91855 |
||
| 700 |
_a ბარამიძე, რუსლან _eრედაქტორი _95677 |
||
| 942 |
_2udc _cBK |
||